| 000 | 00647nam a2200217 u 4500 | ||
|---|---|---|---|
| 005 | 20240924071134.0 | ||
| 008 | 100426s2008 es r 000 0 spa d | ||
| 020 | _a9788466778466 | ||
| 035 | _aUPN01000175511 | ||
| 049 | _aCG | ||
| 050 | 4 |
_aPQ6701 L6.5 _bU7.4 |
|
| 100 | 1 |
_aConejo, Ana Isabel, _d1970- _930638 |
|
| 245 | 1 | 0 |
_aUriel : _blibro quinto / _cAna Alonso y Javier Pelegrín. |
| 260 |
_aBarcelona, Esp. : _bAnaya, _c2008. |
||
| 300 | _a431 p. | ||
| 440 | 3 | _aLa llave del tiempo | |
| 650 | 0 |
_aNovela de fantasía _98197 |
|
| 650 | 4 |
_aLiteratura española _95069 |
|
| 700 | 1 |
_aPelegrín, Javier, _d1967- _ecoaut. _932302 |
|
| 905 | _aLibro | ||
| 999 |
_c147615 _d147615 |
||